Culture cinématographique - Série 10 - Statistiques

Statistiques générales
  • Ce quiz a été pris 244 fois
  • Le résultat moyen est 6 sur 10
Statistiques - réponses
Question Réponse % Correct
Dans le film "Batman" réalisé par Tim Burton en 1989, qui interprète "Le joker" ? Jack Nicholson
84%
Dans le film "La cage aux folles réalisé par Edouard Molinaro en 1978, qui interprète "Zaza Napoli" ? Michel Serrault
73%
Dans le film "L'emmerdeur" réalisé par Edouard Molinaro en 1973, qui interprète "François Pignon" ? Jack Brel
63%
Dans le film "L'emmerdeur" réalisé par Edouard Molinaro en 1973, qui interprète "Ralf Milan" ? Lino Ventura
63%
Dans le film "Le bossu" réalisé par André Hunnebelle en 1960, qui interprète "Le bossu" ? Jean Marais
59%
Dans le film "Les 400 coups" réalisé en 1959 par François Truffaut, qui interprète "Antoine Doinel" ? Jean-Pierre Léaud
53%
Dans le film "La vie est un long fleuve tranquille" réalisé en 1988 par Etienne Chatiliez, qui interprète "Momo Groseille" ? Benoit Magimel
49%
Dans le film "Jeux interdits" réalisé par René Clément en 1952, qui interprète la petite fille prénommée "Paulette" ? Brigitte Fossey
49%
Dans le film "Inspecteur Lavardin" réalisé par Claude Chabrol en 1986, qui interprète "L'inspecteur Lavardin" ? Jean Poiret
48%
Dans le film "La cage aux folles réalisé par Edouard Molinaro en 1978, qui interprète "Renato" ? Ugo Tognazzi
32%
Aucun quiz correspondant
Distribution des résultats
% des personnes avec chaque résultat
Percentile par nombre de réponses
Votre historique - résultats
Vous n’avez pas pris ce quiz